Formula One - Top Ten Highest Career Winning Percentages - Statistics

General Stats
  • This quiz has been taken 104 times
  • The average score is 8 of 10
Answer Stats
Winning Percentage Nationality Answer % Correct
25.47% Brazil Ayrton Senna
97%
33.23% UK Lewis Hamilton
96%
21.47% Netherlands Max Verstappen
92%
47.06% Argentina Juan Manuel Fangio
91%
29.64% Germany Michael Schumacher
91%
25.63% France Alain Prost
86%
40.63% Italy Alberto Ascari
84%
27.27% UK Jackie Stewart
79%
34.72% UK Jim Clark
70%
24.24% UK Stirling Moss
55%
No matching quizzes found
Score Distribution
Percent of People with Each Score
Percentile by Number Answered
Your Score History
You have not taken this quiz